000 00828nam a2200253 i 4500
001 000030239
003 DO-SdBNP
005 20250616102020.0
007 ta
008 110427s2008 dr 000 | spa d
040 _aDO-SdBNP
_bspa
_cBNPHU
_erda
049 _aBNPD
082 4 _axxx
_bR426L 2008
_222
110 1 _aRepública Dominicana.
_bSecretaría de Estado de la Mujer
_938238
245 1 0 _aLey 86-99 :
_bque crea la Secretaría de Estado de la Mujer.
250 _aQuinta edición
264 _aSanto Domingo :
_bSecretaría de Estado de la Mujer,
_c2008.
300 _a30 páginas ;
_c21 cm.
336 _atexto
_btxt
_2rdacontent
337 _asin mediación
_bn
_2rdamedia
338 _avolumen
_bnc
_2rdacarrier
500 _aIncluye referencias bibliográficas y notas al pie de las páginas.
942 _2ddc
_cLF2
999 _c29731
_d29731